00782nam a2200205 a 450000100100000000500170001000800410002702000150006804000250008308200200010810000330012824501010016126000480026230000210031065000340033165000370036591000390040295201180044199900170055900001182120240301140404.0091028s1999 pr 000 f spa d a1881715558 aDO-SdBNPbspacBNPHU aPR863.44bC115h1 aCabiya, Pedro,d1971-91607710aHistorias tremendas que fabrica la liebre perpicaz para burlar a la voraz hiena /cPedro Cabiya. aSan Juan, Puerto Rico :bIsla Negra,c1999. a192 p. ;c22 cm. 4aNovela puertorriqueña91185 4aLiteratura puertorriqueña9250 aValidado. Control de calidad BNPHU 001050718MOaGRbGRcHDd2009-10-28iLF1l0oPR863.44 C115hp11821-10r2020-06-25w2020-06-25y1ZNo se presta c11495d11495